banner koha

Um caso raro de destruição total do pâncreas por pancreatite em cão (Registro n. 327906)

MARC details
000 -LÍDER
fixed length control field 02385nab a2200325 i 4500
003 - CÓDIGO MARC DA AGÊNCIA CATALOGADORA
Campo de controle BR-BrBNA
005 - DATA E HORA DA ÚLTIMA ATUALIZAÇÃO
Campo de controle 20241002121355.0
008 - CAMPO DE TAMANHO FIXO
fixed length control field 241002b2018 bl.|r|pooa||| 00| 0 por |
040 ## - FONTE DA CATALOGAÇÃO
Agência catalogadora BR-BrBNA
Idioma da catalogação por
072 ## - CATEGORIA AGRIS
Código AGRIS L73
Código do objeto 5400
072 ## - CATEGORIA AGRIS
Código AGRIS L70
100 ## - ENTRADA PRINCIPAL - NOME PESSOAL
Nome pessoal Câmara, B.O.S.
100 ## - ENTRADA PRINCIPAL - NOME PESSOAL
Nome pessoal Viana, F.A.B.
100 ## - ENTRADA PRINCIPAL - NOME PESSOAL
Nome pessoal Ribeiro, B.N.T.
100 ## - ENTRADA PRINCIPAL - NOME PESSOAL
Nome pessoal Ocarino, N.M.
100 ## - ENTRADA PRINCIPAL - NOME PESSOAL
Nome pessoal Nepomuceno, A.C.
100 ## - ENTRADA PRINCIPAL - NOME PESSOAL
Nome pessoal Serakides, R.
245 ## - TÍTULO PRINCIPAL
Título principal Um caso raro de destruição total do pâncreas por pancreatite em cão
500 ## - NOTA GERAL
Nota geral Publicação online; 15 ref.; 2 illus.; Summary (En)
942 ## - ADDED ENTRY ELEMENTS (KOHA)
Koha item type Analítica
520 ## - NOTA DE RESUMO
Nota de conteúdo <br/><br/>ABSTRACT - A 16-year-old female Poodle entered UFMG’s Veterinary Hospital with severe prostration, lack of appetite, and vomit. During physical examination, abdominal pain, dehydration, and hyperglycemia (448mg/dl) were found, therefore the animal was admitted under the suspicion of diabetic ketoacidosis. Screening revealed metabolic acidosis, hyperkalemia, glycosuria, ketonuria, and proteinuria. Leukocytosis, thrombocytosis, increase in the number of hepatic enzymes and hyperglycemia were also present in these tests. The ultrasound images showed a smaller and hypoechogenic pancreas, irregularity and folds in duodenum and reactivity of the surrounding tissue, indicating pancreatitis. Thirty days after the dog had been discharged for treatment at home, it was taken back to the veterinary hospital due to status epilepticus, which motivated the owner’s decision of euthanasia. During post mortem examination no trace of pancreas was found. On histological examination of the adipose tissue next to the duodenum, only one pancreatic duct was seen, together with inflamatory cells , thus characterizing a rare case of total pancreatic destruction due to pancreatitis.<br/><br/><br/>Keywords: dog, pancreatitis, pancreatic destruction
650 ## - ASSUNTO - THESAGRO
Cabeçalho tópico ou nome geográfico CÃO
650 ## - ASSUNTO - THESAGRO
Cabeçalho tópico ou nome geográfico DOENÇA ANIMAL
650 ## - ASSUNTO - THESAGRO
Cabeçalho tópico ou nome geográfico APARELHO DIGESTIVO
650 ## - ASSUNTO - THESAGRO
Cabeçalho tópico ou nome geográfico PÂNCREAS
650 ## - ASSUNTO - THESAGRO
Cabeçalho tópico ou nome geográfico SANIDADE ANIMAL
773 0# - ENTRADA ANALÍTICA
Host Biblionumber 1643
Registro do item 344677
Imprenta Belo Horizonte-MG Universidade Federal de Minas Gerais - Escola de Veterinaria 1983
Outro identificador 2024-5011
Título Arquivo Brasileiro de Medicina Veterinária e Zootecnia (Brazil)
ISSN 0102-0935
Colação v. 70(5) p. 1655-1659; (2018)
Número de controle de registro BR2024002764
856 ## - ACESSO E ENDEREÇO ELETRÔNICO
Identificador uniforme de recurso - URI https://www.scielo.br/j/abmvz/a/zx7tTJPHmVtD8rsFHQD7DKh/?format=pdf&lang=pt

Nenhum exemplar disponível.

BINAGRI

Telefone: (61)3218-2567/2388/3357/2097 - binagri@agro.gov.br

Ministério da Agricultura e Pecuária , Esplanada dos Ministérios, Bloco D, Anexo B, Brasília/DF, CEP: 70.043-900